000 00600nam a2200181Ia 4500
003 GCL
008 140319s9999 xx 000 0 ara d
040 _aGCL /
_cGCL
082 0 4 _aق
_b910.02962
_bح و
100 1 _aحسين على الرفاعى
245 1 0 _aواحة سيوة من النواحى التاريخية والجغرافية والاجتماعية والاقتصادية /
_cحسين على الرفاعى
300 _a88 ص
490 _a
650 0 4 _aواحة سيوة
650 0 4 _aالواحات
650 0 4 _aمصر - الجغرافيا الطبيعية
942 _2ddc
_cBK
999 _c46058
_d46058